Entry Personal Name
Number of records used in: 1
001 - CONTROL NUMBER
003 - CONTROL NUMBER IDENTIFIER
005 - DATE AND TIME OF LATEST TRANSACTION
- control field:
20230822151005.0
008 - FIXED-LENGTH DATA ELEMENTS
- fixed length control field:
840709n| azannaabn |n aaa
010 ## - LIBRARY OF CONGRESS CONTROL NUMBER
- LC control number:
n 84005249
035 ## - SYSTEM CONTROL NUMBER
- System control number:
(OCoLC)oca01133907
040 ## - CATALOGING SOURCE
- Original cataloging agency:
DLC
- Language of cataloging:
eng
- Transcribing agency:
DLC
- Description conventions:
rda
- Modifying agency:
DLC
- Modifying agency:
ViFGM
- Modifying agency:
ICrlF
046 ## - SPECIAL CODED DATES
- Birth date:
1947-03-09
- Source of date scheme:
edtf
100 1# - HEADING--PERSONAL NAME
- Personal name:
Ács, Zoltán J.
370 ## - ASSOCIATED PLACE
- Place of birth:
Villach (Austria)
- Associated country:
United States
- Source of term:
lcsh
372 ## - FIELD OF ACTIVITY
- Field of activity:
Keynesian economics
- Field of activity:
Economics
- Field of activity:
Entrepreneurship
- Field of activity:
Small business
- Field of activity:
Economic development
- Field of activity:
Technological innovations
- Field of activity:
College teaching
- Source of term:
lcsh
373 ## - ASSOCIATED GROUP
- Associated group:
George Mason University
- Associated group:
London School of Economics and Political Science
- Source of term:
naf
374 ## - OCCUPATION
- Occupation:
Authors
- Occupation:
College teachers
- Occupation:
Economists
- Occupation:
Editors
- Source of term:
lcsh
377 ## - ASSOCIATED LANGUAGE
670 ## - SOURCE DATA FOUND
- Source citation:
His The changing structure of the U.S. economy, 1984:
- Information found:
CIP t.p. (Zoltán J. Ács) publisher info (Assist. prof., Dept. of Economics, Manhattan College)
670 ## - SOURCE DATA FOUND
- Source citation:
The Economics of small firms, 1990:
- Information found:
CIP t.p. (Zoltan J. Acs) data sheet (b. 3/9/47)
670 ## - SOURCE DATA FOUND
- Source citation:
George Mason University School of Public Policy Faculty Expertise Database website, June 10, 2009
- Information found:
(Zoltan Acs, Zoltan J. Acs; director, Center for Entrepreneurship and Public Policy; univ. prof.)
670 ## - SOURCE DATA FOUND
- Source citation:
Acs, Zoltan J. Entrepreneurship, geography, and American economic growth, 2006:
- Information found:
title page (Zoltan J. Acs, George Mason University) page i (Zoltan J. Acs is University Professor in the School of Public Policy, George Mason University, and a Research Scholar at the Max-Planck Institute for Economics, Jena, Germany ; previously he was a Research Fellow at the U.S. Bureau of the Census and Chief Economist at the U.S. Small Business Administration ; Professor Acs has published more than 75 scholarly articles in leading academic journals, including The American Economic Review and The Review of Economics and Statistics ; his primary research interests are entrepreneurship, technological change, and economic development ; he is the founder and editor of Small Business Economics, the leading international journal in entrepreneurship, and the recipient of the 2001 Small Business and Entrepreneurship Research Award given by the Swedish Foundation for Small Business ; his most recent publications are Innovation and the Growth of Cities (2002), Entrepreneurship, Small & Medium-sized Enterprises and the Macroeconomy (1999), and Small Firms and Entrepreneurship: an East-West Perspective (1993))
670 ## - SOURCE DATA FOUND
- Source citation:
Wikipedia viewed Dec. 29, 2022
- Information found:
(Zoltan J. Acs (born 1947 in Villach, Austria) is an American economist ; He is Professor of Management at The London School of Economics and a professor at George Mason University, where he teaches in the Schar School of Policy and Government and is the Director of the Center for Entrepreneurship and Public Policy ; He is also a visiting professor at Imperial College Business School in London and affiliated with the University of Pecs in Hungary ; He is co-editor and founder of Small Business Economics ; He is American and Hungarian ; he emigrated to the United States with his parents in 1952 and grew up in Cleveland, Ohio ; he works with Keynesian economics ; He has published more than 200 articles and 35 books ; His most recent book, Why Philanthropy Matters: How the Wealthy Give, and What it Means for our Economic Well-Being (2013), was a finalist for the Academy of Management George R Baker Prize for the best book in management in 2014)
- Uniform Resource Identifier:
https://en.wikipedia.org/wiki/Zoltan_Acs